| 000 | 02497nam a2200313 4500 | ||
|---|---|---|---|
| 003 | OSt | ||
| 005 | 20250224124904.0 | ||
| 008 | 250124t2015 a|||| |||| 00| 0 eng d | ||
| 020 | _a978 - 1 - 908230 - 58 - 4 | ||
| 040 |
_cPA _erda |
||
| 041 |
_aeng _beng _feng _heng |
||
| 082 | 0 | 0 |
_aPA 632.32 _bB33 |
| 245 |
_aBacteria-Plant Interactions : _bAdvanced Research and Trends / _cedited by Jesus Murillo, Boris A. Vinatzer, Robert W. Jackson, Dawn L. Arnold |
||
| 264 |
_aNorfolk, United Kingdom : _bCaister Academic Press, _c2015 |
||
| 300 |
_avii, 227 p. : _bilustraciones |
||
| 336 |
_2rdacontent _atexto _btxt |
||
| 337 |
_2rdamedia _asin medio _bn |
||
| 338 |
_2rdacarrier _avolumen _bnc |
||
| 505 | _gPreface -- 1.Functional Diversification of Phytopathogenic Type III Secreted Effector Proteins -- 2.Systems Biology of Pseudomonas syringae Type III Secretion Effector Repertoires -- 3.Towards Understanding Fire Blight: Virulence Mechanisms and Their Regulation in Erwinia Amylovora -- 4.Plant Pathogenic Acidovorax Species -- 5.The Interactions Between Gram-positive Pathogens and Plant Hosts -- 6.The Molecular Interactions Between Human Pathogenic Bacteria and Plants -- 7.Recent Advances in Pseudomonas Biocontrol -- 8.The Potential Role of Bacteriophages in Shaping Plant-Bacterial Interactions Index -- Colour Plate. | ||
| 520 | _aIn this book, a team of respected scientists review the most important current topics to provide a timely overview on bacterial-plant interactions. The topics covered include: type III secretion systems and their role in the bacterial-host interaction * the Pseudomonas and Erwinia model systems and their application to other studies * the emerging plant pathogen Acidovorax * the Gram-positive phytopathogens Clavibacter, Streptomyces, and Rhodococcus * the colonization of plants by human bacterial pathogens * Pseudomonas biocontrol approaches * phage therapy. The book will be essential reading for every plant pathogen researcher, from the PhD student to the experienced scientist, and is recommended reading for researchers working on foodborne pathogens and bacterial pathogenesis. | ||
| 534 | _pTítulo original: | ||
| 650 | 0 |
_aRelaciones Planta-Patógeno _9189892 |
|
| 650 | 7 |
_aBacterias fitopatógenas _99326 |
|
| 700 |
_aJesús Murillo _eEditor _9189893 |
||
| 700 |
_aVinatzer, Boris A. _eEditor _9189894 |
||
| 700 |
_aJackson, Robert W. _eEditor _9189895 |
||
| 700 |
_aArnold, Dawn L. _eEditor _9189896 |
||
| 942 |
_2ddc _cLIBRO |
||
| 999 |
_c220371 _d220371 |
||